000 01475nam a2200469 i 4500
001 991047758079705066
003 NyNyJPI
005 20260413200748.0
008 210601s2016 pl |000 p pol c
009 b0000005201617
015 _aUWD 2016/16595
020 _a9788365350077
035 _a991047758079705066
035 _a(PL-WaBN)b52016171-48omnis_nlop
035 _ab52016171
035 _a(OCoLC)951385204
035 _axx003699083
035 _a(PL)b0000005201617
035 _a(EXLNZ-48OMNIS_NETWORK)9910129099005606
040 _aWA N
_cWA N
_dWA N
046 _k2016
080 _a821.162.1-1
084 _a04
100 1 _aWencel, Wojciech
_d(1972- )
_eAutor
245 1 0 _aEpigonia /
_cWojciech Wencel ; [na okładce obraz Wlastimila Hofmana "Eloe nad zwłokami Anhellego" ; fotografia autora: Jakub Szymczuk].
250 _aWydanie pierwsze.
260 _aKraków :
_bArcana,
_c2016.
300 _a47, [4] strony ;
_c22 cm.
336 _aTekst
_btxt
_2rdacontent
337 _aBez urządzenia pośredniczącego
_bn
_2rdamedia
338 _aWolumin
_bnc
_2rdacarrier
380 _aKsiążki
380 _aPoezja
386 _mPrzynależność kulturowa
_aLiteratura polska
388 2 _a2001-
650 _aPoezja polska
_y1990-.
655 7 _aWiersze
_2DBN
700 1 _aHofman, Wlastimil
_d(1881-1970)
_eIlustracje
700 1 _aSzymczuk, Jakub
_d(1985- )
_eFotografie
710 2 _aArcana
_eWydawca
_4pbl
942 _2z
_cBK
_n0
999 _c91116
_d91116